000 00333nam a2200157Ia 4500
003 OSt
005 20231109073452.0
008 170524s9999 xx 000 0 und d
020 _a1-84215-088-X
040 _cIIMT
100 _aMan- Kathy
245 0 _aLow fat chinese
260 _bSouthwater
260 _c1998
942 _2ddc
_c02
999 _c7067
_d7067